00916nam a2200253Ia 450000500170000000800410001702000150005810000190007324501560009225000190024830000420026765000390030965000390034865000330038770000470042094200150046726400310048233600270051333700330054033800280057304000350060108400110063699900150064720220317000721.0160601s2004 mx a g 000 0 spa  a968190981X1 aJanoschd1931-10aYo te curaré, dijo el pequeño oso bLa historia de cómo una vez el pequeño tigre estuvo enfermo cJanosch, traducción de Regio García Badel a1a. edición  a47 páginas bilustraciones c22 cm 142LEMBaCuentos infantiles alemanes 142LEMBaLiteratura infantil alemana 142LEMBaOsos en la literatura 1 aGarcía Badell, Reginoetraductor 953272 2loccBKINF aMéxico bAlfaguarac2004 atextobtxt2rdacontent asin mediaciónbn2rdamedia avolumenbnc2rdacarrier aCO-BoRNBPbspaerdacCO-BoRNBP aC JAN1 c4859d4859